Afrikan Tähti - Statistics

Yleistilastot
  • Tätä visaa on pelattu 51 kertaa
  • Keskiarvotulos 7 / 32
Vastaukset kartalla
Vastauksille on annettu kartalla punavihreä väri sen mukaan, kuinka moni on saanut sen oikein.
 
Vastaustilastot
PAIKANNIMI % Oikein
Cairo
82%
Cape Town
71%
Tangier
71%
Gold Coast
58%
Tunis
55%
St. Helena
50%
Slave Coast
47%
Addis Abeba
32%
Cape Verde
32%
Congo
32%
Egypt
32%
Timbuktu
29%
Morocco
26%
Tripoli
26%
Canary Islands
21%
Sahara
11%
Sierra Leone
11%
Mozambique
8%
Victoria Falls
8%
Whalefish Bay
8%
Daressalam
5%
Lake Victoria
5%
Ocomba
5%
Cape St. Marie
3%
Dar-fur
3%
Dragon Mountains
3%
Kandjama
3%
Ain-Galaka
0%
Bahr el Ghazal
0%
Cape Guardafui
0%
Suakin
0%
Tamatave
0%
Ehtoja vastaavia visoja ei löytynyt
Tulosjakauma
Jokaisen tuloksen saaneiden osuus
Persentiili vastausten määrän mukaan
Tuloshistoriasi
Et ole pelannut tätä visaa